| 000 | 00690cam a2200241 a 4500 | ||
|---|---|---|---|
| 001 | 000008876 | ||
| 005 | 20200929161430.0 | ||
| 008 | 831202s1982 sp 000 f spa d | ||
| 020 | _a8420421294 | ||
| 040 |
_aDO-SdBNP _cDLC _dDLC |
||
| 082 |
_aCu863.4 _bC297pa |
||
| 100 | 1 |
_aCarpentier, Alejo, _d1904-1980. _98634 |
|
| 245 | 1 | 4 |
_aLos pasos perdidos / _cAlejo Carpentier. |
| 260 |
_aMadrid : _bAlfaguara, _c1982. |
||
| 300 |
_a333 p. ; _c20 cm. |
||
| 490 | 1 |
_aLiteratura Alfaguara _v83 |
|
| 650 | 4 |
_aNovela cubana _92316 |
|
| 650 | 4 |
_aLiteratura cubana _91483 |
|
| 830 | 0 |
_aLiteratura Alfaguara ; _v83. _913319 |
|
| 910 | _aCatalogación por copia / LC | ||
| 910 | _aWM | ||
| 049 | _aBNGR | ||
| 999 |
_c8645 _d8645 |
||